000 00289nam a2200121Ia 4500
008 211105s9999 xx 000 0 und d
020 _aVYASA08839
100 _aJulie Friedeberger
245 0 _aOffice Yoga
250 _a1st
260 _bMotilal Banarsidass Publishers
_c\N
300 _a158
999 _c10976
_d10976